[Event "vl-2324 MVP"]
[Site "MVP"]
[Date "2024.02.25"]
[Round "6.4"]
[White "Jansen, Andreas"]
[Black "Hodl, Ingolf"]
[Result "1-0"]
[WhiteElo "2098"]
[BlackElo "1911"]
[PlyCount "97"]
[EventDate "2023.??.??"]
[EventType "team-tourn"]
[EventRounds "9"]
[EventCountry "GER"]
[WhiteTeam "SSC Graal-Mueritz"]
[BlackTeam "SSC Rostock"]
[WhiteTeamCountry "GER"]
[BlackTeamCountry "GER"]

1. e4 Nf6 2. e5 Nd5 3. d4 d6 4. c4 Nb6 5. exd6 cxd6 6. Nf3 g6 7. Nc3 Bg7 8. Bd3 Nc6 9. O-O Bg4 10. Be2 Bxf3 11. Bxf3 Nxd4 12. Bxb7 Rb8 13. Ba6 O-O 14. Re1 e5 15. b3 Nd7 16. Bb5 Nc5 17. Be3 a6 18. Ba4 Nxa4 19. Nxa4 Nf5 20. Bc1 Qh4 21. Bb2 Rbd8 22. Nc3 Nd4 23. Ne2 Ne6 24. Qd5 Qe7 25. Rad1 Nc7 26. Qa5 Rd7 27. Nf4 Qd8 28. Nd5 Nxd5 29. Qxd5 Re8 30. c5 Re6 31. c6 Rc7 32. Ba3 Qc8 33. Rc1 Bf8 34. Bb4 Rf6 35. Ba5 Re7 36. c7 Re8 37. Rc4 Qf5 38. f3 Rc8 39. b4 h5 40. a4 g5 41. b5 g4 42. f4 axb5 43. axb5 exf4 44. Qxf5 Rxf5 45. b6 Rb5 46. Rb4 Rxb6 47. Bxb6 d5 48. Rxf4 Bd6 49. Rf5 1-0

[Event "vl-2324 MVP"]
[Site "MVP"]
[Date "2024.02.25"]
[Round "6.5"]
[White "Nour, Alaa"]
[Black "Moritz, Hartmut"]
[Result "0-1"]
[WhiteElo "1815"]
[BlackElo "2034"]
[PlyCount "84"]
[EventDate "2023.??.??"]
[EventType "team-tourn"]
[EventRounds "9"]
[EventCountry "GER"]
[WhiteTeam "SSC Rostock"]
[BlackTeam "SSC Graal-Mueritz"]
[WhiteTeamCountry "GER"]
[BlackTeamCountry "GER"]

1. e4 e6 2. d4 d5 3. exd5 exd5 4. Bd3 Bd6 5. Nf3 Ne7 6. Bg5 f6 7. Bh4 Bf5 8. Be2 Nbc6 9. Bg3 Ng6 10. Bxd6 Qxd6 11. O-O O-O 12. c3 Rae8 13. Nbd2 Nd8 14. Re1 Ne6 15. g3 Ng5 16. Nxg5 fxg5 17. Qb3 c6 18. Bh5 Rxe1+ 19. Rxe1 Qf6 20. Nf3 b5 21. Qd1 g4 22. Ne5 Nxe5 23. dxe5 Qg5 24. f4 Qxh5 25. Qd4 Qf7 26. Qc5 Qd7 27. Re2 Be4 28. Rd2 g5 29. Qe3 gxf4 30. Qxe4 dxe4 31. Rxd7 e3 32. Rd4 f3 33. Rxg4+ Kf7 34. Re4 e2 35. Kf2 Ke6 36. Rf4 Rf5 37. Ke1 Kxe5 38. Rxf5+ Kxf5 39. Kf2 Kg4 40. h4 h5 41. b4 a6 42. a3 Kh3 0-1

[Event "vl-2324 MVP"]
[Site "MVP"]
[Date "2024.02.25"]
[Round "6.8"]
[White "Jeske, Holger"]
[Black "Wurst, Maximilian"]
[Result "1-0"]
[WhiteElo "1898"]
[BlackElo "1723"]
[PlyCount "88"]
[EventDate "2023.??.??"]
[EventType "team-tourn"]
[EventRounds "9"]
[EventCountry "GER"]
[WhiteTeam "SSC Graal-Mueritz"]
[BlackTeam "SSC Rostock"]
[WhiteTeamCountry "GER"]
[BlackTeamCountry "GER"]

1. Nh3 e5 2. f3 d5 3. Nf2 Nc6 4. g3 Bc5 5. e3 a6 6. Bg2 Nf6 7. O-O O-O 8. d3 h6 9. Re1 Be6 10. Nd2 d4 11. e4 Nh7 12. f4 exf4 13. gxf4 Bb4 14. f5 Bd7 15. a3 Bxd2 16. Bxd2 Ne5 17. Bf4 f6 18. h4 Be8 19. Ng4 Qe7 20. Kh1 Kh8 21. Nh2 Rg8 22. Rg1 Qf7 23. Bxe5 fxe5 24. Bf3 Nf6 25. Rg2 Nh5 26. Bxh5 Qxh5 27. Qg4 Qxg4 28. Nxg4 Bh5 29. Nxe5 Rae8 30. Ng6+ Kh7 31. Rg3 c5 32. c3 dxc3 33. bxc3 c4 34. Nf4 Bf7 35. Re1 Re5 36. d4 Ra5 37. e5 Bd5+ 38. Kh2 Rf8 39. Reg1 Rf7 40. e6 Re7 41. Ng6 Re8 42. Ne5 Re7 43. Nf7 g5 44. hxg5 h5 1-0

[Event "vl-2324 MVP"]
[Site "MVP"]
[Date "2024.02.25"]
[Round "6.1"]
[White "Stoevesand, Eric"]
[Black "Petrow, Jonas"]
[Result "1-0"]
[WhiteElo "1910"]
[BlackElo "1811"]
[PlyCount "57"]
[EventDate "2023.??.??"]
[EventType "team-tourn"]
[EventRounds "9"]
[EventCountry "GER"]
[WhiteTeam "SG Neubrandenburg"]
[BlackTeam "Makkabi Rostock"]
[WhiteTeamCountry "GER"]
[BlackTeamCountry "GER"]

1. e4 c5 2. Nf3 d6 3. d4 cxd4 4. Nxd4 Nf6 5. Nc3 a6 6. Be3 e5 7. Nb3 Be6 8. f3 Be7 9. Qd2 h5 10. Nd5 Nxd5 11. exd5 Bf5 12. Bd3 Bxd3 13. Qxd3 Bh4+ 14. g3 Bg5 15. f4 exf4 16. gxf4 Bh4+ 17. Kd2 Nd7 18. Rhg1 g6 19. Bd4 Bf6 20. Rae1+ Kf8 21. Kd1 Kg7 22. f5 Bxd4 23. Qxd4+ Ne5 24. fxg6 fxg6 25. Nc5 Kh7 26. Nxb7 Qc7 27. Nxd6 Nf3 28. Qf6 Nxg1 29. Re7+ 1-0

[Event "vl-2324 MVP"]
[Site "MVP"]
[Date "2024.02.25"]
[Round "6.2"]
[White "Markovych, Illya"]
[Black "Schulz, Daniel"]
[Result "1/2-1/2"]
[WhiteElo "2028"]
[BlackElo "1817"]
[PlyCount "75"]
[EventDate "2023.??.??"]
[EventType "team-tourn"]
[EventRounds "9"]
[EventCountry "GER"]
[WhiteTeam "Makkabi Rostock"]
[BlackTeam "SG Neubrandenburg"]
[WhiteTeamCountry "GER"]
[BlackTeamCountry "GER"]

1. e4 c5 2. c3 Nf6 3. e5 Nd5 4. d4 cxd4 5. Nf3 e6 6. cxd4 Nc6 7. a3 d6 8. Bc4 Nb6 9. Bd3 dxe5 10. dxe5 Be7 11. O-O Nd5 12. Qe2 Bd7 13. b4 a6 14. Rd1 Rc8 15. Be4 Qc7 16. Ra2 Qb8 17. Bxd5 exd5 18. Bf4 Be6 19. b5 Na7 20. bxa6 b5 21. Nd4 O-O 22. Nd2 Bc5 23. N2b3 Bxd4 24. Nxd4 Rc4 25. Be3 Rfc8 26. Rb2 Bd7 27. f4 Ra4 28. Qd3 Rxa6 29. Rb3 Ra4 30. Nc2 Qa8 31. Nb4 d4 32. Qxd4 Be6 33. Rc3 Re8 34. Rc7 Nc8 35. Qd8 Ne7 36. Qxa8 Raxa8 37. Ra7 h5 38. Rd3 1/2-1/2

[Event "vl-2324 MVP"]
[Site "MVP"]
[Date "2024.02.25"]
[Round "6.3"]
[White "Priladyshev, Alexander"]
[Black "Schamber, Dennis"]
[Result "1-0"]
[WhiteElo "2068"]
[BlackElo "1714"]
[PlyCount "71"]
[EventDate "2023.??.??"]
[EventType "team-tourn"]
[EventRounds "9"]
[EventCountry "GER"]
[WhiteTeam "SG Neubrandenburg"]
[BlackTeam "Makkabi Rostock"]
[WhiteTeamCountry "GER"]
[BlackTeamCountry "GER"]

1. e4 c5 2. Nf3 e6 3. d4 cxd4 4. Nxd4 a6 5. c4 Qc7 6. Be3 Nc6 7. Nc3 Nf6 8. Rc1 Bb4 9. f3 O-O 10. Be2 Bd6 11. g3 b6 12. a3 Ne7 13. Kf2 Nh5 14. Rg1 Be5 15. f4 Nxf4 16. gxf4 Bxf4 17. Bxf4 Qxf4+ 18. Nf3 f5 19. Qd4 Qh6 20. Qe3 f4 21. Qxb6 Nc6 22. Qc5 e5 23. Nd5 Rf7 24. Nb6 Rb8 25. Nxc8 Rxc8 26. Rcd1 Rb8 27. Rd6 Qh3 28. b4 Nd4 29. Qxe5 Nxf3 30. Bxf3 Qxh2+ 31. Rg2 Qh4+ 32. Ke2 h6 33. Rdg6 Qe7 34. Qxb8+ Kh7 35. Rxh6+ Kxh6 36. Qh8# 1-0

[Event "vl-2324 MVP"]
[Site "MVP"]
[Date "2024.02.25"]
[Round "6.4"]
[White "Schulz, Bruno Andreas"]
[Black "Kunow, Frank"]
[Result "0-1"]
[WhiteElo "1737"]
[BlackElo "1924"]
[PlyCount "66"]
[EventDate "2023.??.??"]
[EventType "team-tourn"]
[EventRounds "9"]
[EventCountry "GER"]
[WhiteTeam "Makkabi Rostock"]
[BlackTeam "SG Neubrandenburg"]
[WhiteTeamCountry "GER"]
[BlackTeamCountry "GER"]

1. d4 Nf6 2. c4 e6 3. Nf3 b6 4. a3 Bb7 5. Nc3 Ne4 6. Nxe4 Bxe4 7. Bf4 Be7 8. e3 f5 9. Ne5 O-O 10. d5 d6 11. f3 dxe5 12. Bxe5 Bf6 13. Bxf6 Qxf6 14. Qd2 f4 15. fxe4 fxe3 16. Qxe3 Qxb2 17. Rc1 Nd7 18. Be2 Nc5 19. Rd1 exd5 20. cxd5 Rae8 21. Bf3 Qb5 22. d6 cxd6 23. Rxd6 Rd8 24. Rxd8 Rxd8 25. Kf2 Nd3+ 26. Kg3 Qe5+ 27. Kh4 Rd6 28. h3 Rh6+ 29. Kg4 Rg6+ 30. Kh4 Qg3+ 31. Kh5 Nf4+ 32. Qxf4 Qxf4 33. h4 Qe5# 0-1

[Event "vl-2324 MVP"]
[Site "MVP"]
[Date "2024.02.25"]
[Round "6.6"]
[White "Gavrylyuk, Oleksandr"]
[Black "Rossmann, Andreas"]
[Result "0-1"]
[WhiteElo "1390"]
[BlackElo "2073"]
[PlyCount "66"]
[EventDate "2023.??.??"]
[EventType "team-tourn"]
[EventRounds "9"]
[EventCountry "GER"]
[WhiteTeam "Makkabi Rostock"]
[BlackTeam "SG Neubrandenburg"]
[WhiteTeamCountry "GER"]
[BlackTeamCountry "GER"]

1. e4 c5 2. Nf3 d6 3. d4 cxd4 4. Nxd4 Nf6 5. Nc3 Nc6 6. Be2 e5 7. Nf3 h6 8. O-O Be7 9. h3 O-O 10. Be3 Be6 11. Nd2 d5 12. exd5 Nxd5 13. Nxd5 Bxd5 14. c4 Be6 15. Ne4 Qc7 16. Nc5 Bf5 17. Bf3 Rfd8 18. Bd5 Nb4 19. Nxb7 Nxd5 20. Nxd8 Nxe3 21. fxe3 Rxd8 22. Qf3 Be6 23. b3 Qa5 24. Rfd1 Rxd1+ 25. Qxd1 Qc3 26. Qc1 Qd3 27. Qe1 Bc5 28. Kf2 Qf5+ 29. Kg1 Qg5 30. Kf2 e4 31. Rd1 Bb6 32. a4 Bc7 33. Kf1 Qe5 0-1

[Event "vl-2324 MVP"]
[Site "MVP"]
[Date "2024.02.25"]
[Round "6.8"]
[White "Roeste, Stein"]
[Black "Pruesse, Horst"]
[Result "0-1"]
[WhiteElo "1731"]
[BlackElo "1986"]
[PlyCount "48"]
[EventDate "2023.??.??"]
[EventType "team-tourn"]
[EventRounds "9"]
[EventCountry "GER"]
[WhiteTeam "Makkabi Rostock"]
[BlackTeam "SG Neubrandenburg"]
[WhiteTeamCountry "GER"]
[BlackTeamCountry "GER"]

1. d4 c5 2. d5 e5 3. e4 d6 4. Bb5+ Nd7 5. c4 Ngf6 6. Nc3 Be7 7. Nge2 O-O 8. O-O Nb6 9. Qd3 a6 10. Ba4 Nxa4 11. Nxa4 b5 12. Nac3 bxc4 13. Qxc4 Rb8 14. Qd3 Nh5 15. Rb1 f5 16. Ng3 fxe4 17. Ncxe4 Nf4 18. Bxf4 exf4 19. Ne2 f3 20. gxf3 Bf6 21. b3 Be5 22. N2g3 Rf4 23. Kh1 Rh4 24. Rg1 Rxh2+ 0-1

[Event "vl-2324 MVP"]
[Site "MVP"]
[Date "2024.02.25"]
[Round "6.1"]
[White "Grossmann, Piet"]
[Black "Simantsev, Mikhail"]
[Result "0-1"]
[WhiteElo "1878"]
[BlackElo "2371"]
[PlyCount "94"]
[EventDate "2023.??.??"]
[EventType "team-tourn"]
[EventRounds "9"]
[EventCountry "GER"]
[WhiteTeam "SAV Torgelow"]
[BlackTeam "SF Schwerin II"]
[WhiteTeamCountry "GER"]
[BlackTeamCountry "GER"]

1. e4 c6 2. Nf3 d5 3. exd5 cxd5 4. Ne5 a6 5. d4 Nf6 6. Bd3 Nc6 7. c3 g6 8. O-O Bg7 9. Re1 O-O 10. Nd2 Bf5 11. Ndf3 Bxd3 12. Qxd3 Ne4 13. Nxc6 bxc6 14. Ng5 Nxg5 15. Bxg5 Re8 16. Re2 f6 17. Bf4 e5 18. Rae1 e4 19. Qg3 f5 20. h4 Bf6 21. Bg5 Ra7 22. Qf4 Bxg5 23. hxg5 Qb8 24. g3 Qxf4 25. gxf4 h6 26. gxh6 Rh7 27. Kg2 Rxh6 28. Rh1 Rxh1 29. Kxh1 Kf7 30. Kg2 Rh8 31. Rc2 Rh4 32. c4 Rg4+ 33. Kf1 Rxf4 34. cxd5 cxd5 35. Ke2 Rf3 36. Rc5 Rd3 37. Rxd5 f4 38. Rd6 f3+ 39. Ke1 g5 40. d5 g4 41. Rxa6 g3 42. fxg3 e3 43. Ra4 e2 44. Kf2 Rd1 45. Rf4+ Kg6 46. Rg4+ Kf5 47. Rf4+ Ke5 0-1

[Event "vl-2324 MVP"]
[Site "MVP"]
[Date "2024.02.25"]
[Round "6.2"]
[White "Hornych, Christoph"]
[Black "Herrmann, Jakob"]
[Result "1-0"]
[WhiteElo "2172"]
[BlackElo "2031"]
[PlyCount "73"]
[EventDate "2023.??.??"]
[EventType "team-tourn"]
[EventRounds "9"]
[EventCountry "GER"]
[WhiteTeam "SF Schwerin II"]
[BlackTeam "SAV Torgelow"]
[WhiteTeamCountry "GER"]
[BlackTeamCountry "GER"]

1. e4 c6 2. d4 d5 3. exd5 cxd5 4. c4 Nf6 5. Nc3 e6 6. Nf3 Bb4 7. a3 Bxc3+ 8. bxc3 Qc7 9. cxd5 exd5 10. Bb5+ Bd7 11. Qe2+ Ne4 12. O-O O-O 13. c4 Bxb5 14. cxb5 Nd7 15. Bd2 Rfe8 16. Rfc1 Qd6 17. Bb4 Qf4 18. Qa2 Nb6 19. Bd2 Qd6 20. Bb4 Qd7 21. a4 Nc4 22. Re1 f6 23. Re2 Qg4 24. Rae1 Qh5 25. Rxe4 dxe4 26. Qxc4+ Kh8 27. Nd2 Rac8 28. Qb3 f5 29. d5 Red8 30. d6 Qg5 31. Qd5 Qf4 32. g3 Qg4 33. Qd4 Qg6 34. Nc4 Qe6 35. Ne5 Rc2 36. Rd1 Kg8 37. d7 1-0

[Event "vl-2324 MVP"]
[Site "MVP"]
[Date "2024.02.25"]
[Round "6.3"]
[White "Korbal, Arkadiusz"]
[Black "Wagner, Ralph"]
[Result "1/2-1/2"]
[WhiteElo "2074"]
[BlackElo "2122"]
[PlyCount "80"]
[EventDate "2023.??.??"]
[EventType "team-tourn"]
[EventRounds "9"]
[EventCountry "GER"]
[WhiteTeam "SAV Torgelow"]
[BlackTeam "SF Schwerin II"]
[WhiteTeamCountry "GER"]
[BlackTeamCountry "GER"]

1. d4 d5 2. c4 e6 3. Nf3 c5 4. cxd5 exd5 5. g3 Nc6 6. Bg2 Nf6 7. O-O Be7 8. Nc3 O-O 9. dxc5 Bxc5 10. Na4 Bb6 11. Bg5 d4 12. Rc1 h6 13. Bxf6 Qxf6 14. Nxb6 axb6 15. a3 Re8 16. Re1 Bf5 17. Nd2 Rad8 18. Qb3 Na5 19. Qf3 Qe6 20. b4 Bg4 21. Qe4 Qd7 22. Qd3 Bf5 23. Qf3 Nc6 24. Nc4 Be4 25. Qf4 Bxg2 26. Kxg2 b5 27. Nd2 Qd5+ 28. Kg1 Qa2 29. Ra1 Qb2 30. Ne4 Re6 31. Qd2 Qxd2 32. Nxd2 d3 33. e3 Ne5 34. Rec1 Rc6 35. Rxc6 bxc6 36. Rc1 Nc4 37. Nb1 Ra8 38. Rc3 Rd8 39. Rc1 Ra8 40. Rc3 Rd8 1/2-1/2

[Event "vl-2324 MVP"]
[Site "MVP"]
[Date "2024.02.25"]
[Round "6.4"]
[White "Wandel, Bernd"]
[Black "Schmekel, Florian"]
[Result "1/2-1/2"]
[WhiteElo "2054"]
[BlackElo "2103"]
[PlyCount "108"]
[EventDate "2023.??.??"]
[EventType "team-tourn"]
[EventRounds "9"]
[EventCountry "GER"]
[WhiteTeam "SF Schwerin II"]
[BlackTeam "SAV Torgelow"]
[WhiteTeamCountry "GER"]
[BlackTeamCountry "GER"]

1. d4 Nf6 2. c4 e6 3. Nf3 b6 4. g3 Bb7 5. Bg2 c5 6. e3 Be7 7. Nc3 cxd4 8. exd4 d5 9. Ne5 O-O 10. O-O Qc8 11. cxd5 Nxd5 12. Nxd5 Bxd5 13. Bxd5 exd5 14. Bf4 f6 15. Rc1 Qb7 16. Nf3 Na6 17. h4 Rfd8 18. Qe2 Bd6 19. Bxd6 Rxd6 20. a3 Rad8 21. h5 Nb8 22. Nh4 Qd7 23. Qd3 Rc6 24. Nf5 Re8 25. Ne3 Rec8 26. Rce1 Re6 27. Qb3 Rd8 28. Nxd5 Kh8 29. Ne3 Re4 30. d5 Na6 31. Qc2 Re5 32. h6 Qh3 33. hxg7+ Kxg7 34. g4 Rdxd5 35. f3 Qg3+ 36. Qg2 Qxg2+ 37. Kxg2 Rd3 38. Nf5+ Kg6 39. Ne7+ Kg7 40. Rxe5 fxe5 41. Nc6 Nc5 42. Rf2 e4 43. fxe4 Nxe4 44. Re2 Rg3+ 45. Kh2 Rxg4 46. Nxa7 h5 47. b3 Kf6 48. Nc8 b5 49. Nb6 Ke5 50. a4 Kf4 51. axb5 Kf3 52. Rc2 Rh4+ 53. Kg1 Rg4+ 54. Kh2 Rh4+ 1/2-1/2

[Event "vl-2324 MVP"]
[Site "MVP"]
[Date "2024.02.25"]
[Round "6.5"]
[White "Zentgraf, Robert"]
[Black "Schmidt, Arne"]
[Result "1-0"]
[WhiteElo "2170"]
[BlackElo "1774"]
[PlyCount "125"]
[EventDate "2023.??.??"]
[EventType "team-tourn"]
[EventRounds "9"]
[EventCountry "GER"]
[WhiteTeam "SAV Torgelow"]
[BlackTeam "SF Schwerin II"]
[WhiteTeamCountry "GER"]
[BlackTeamCountry "GER"]

1. d4 Nf6 2. Nf3 g6 3. Nc3 Bg7 4. e4 d6 5. Be3 O-O 6. Qd2 c6 7. Bd3 Nbd7 8. h3 e5 9. O-O exd4 10. Bxd4 Nc5 11. Rad1 Ne6 12. Be3 d5 13. exd5 Nxd5 14. Nxd5 Qxd5 15. Qb4 a5 16. Qb6 Qxa2 17. c3 Qd5 18. Bxg6 Qb5 19. Bd3 Qxb6 20. Bxb6 Nf4 21. Bc4 Bf6 22. Rfe1 Be6 23. Bf1 Nd5 24. Bc5 Rfe8 25. Bd4 a4 26. Bc4 Bxd4 27. Nxd4 a3 28. Bxd5 Bxd5 29. Rxe8+ Rxe8 30. bxa3 Ra8 31. Nf5 Be6 32. Nd4 Bd5 33. Ra1 Ra4 34. f3 Rc4 35. Ne2 b5 36. Kf2 Ra4 37. Ke3 c5 38. Nf4 Bc4 39. Nd3 Bxd3 40. Kxd3 Kg7 41. Rb1 Ra5 42. Kc2 Kf6 43. Kb3 Ra7 44. Rd1 Ke5 45. Rd8 Rb7 46. Rc8 Kd5 47. Rg8 f5 48. Rg5 Ke6 49. g4 fxg4 50. hxg4 Kd6 51. Rf5 Ra7 52. f4 Ra4 53. g5 c4+ 54. Kb2 Ra7 55. Rxb5 Rf7 56. f5 Kc6 57. a4 Rg7 58. f6 Rf7 59. Ka3 h6 60. gxh6 Rxf6 61. Rh5 Rf8 62. h7 Rh8 63. Kb4 1-0

[Event "vl-2324 MVP"]
[Site "MVP"]
[Date "2024.02.25"]
[Round "6.6"]
[White "Fischer, Torsten"]
[Black "Bauer, Norbert"]
[Result "0-1"]
[WhiteElo "2008"]
[BlackElo "2066"]
[PlyCount "108"]
[EventDate "2023.??.??"]
[EventType "team-tourn"]
[EventRounds "9"]
[EventCountry "GER"]
[WhiteTeam "SF Schwerin II"]
[BlackTeam "SAV Torgelow"]
[WhiteTeamCountry "GER"]
[BlackTeamCountry "GER"]

1. e4 c5 2. Nf3 Nc6 3. d4 cxd4 4. Nxd4 Nf6 5. Nc3 e5 6. Ndb5 d6 7. Bg5 a6 8. Na3 b5 9. Nd5 Be7 10. Nxe7 Nxe7 11. Qd3 Bb7 12. Bxf6 gxf6 13. Rd1 d5 14. f3 dxe4 15. fxe4 Qxd3 16. cxd3 f5 17. exf5 Nxf5 18. Nc2 Ke7 19. Kf2 Rac8 20. Ne1 Nd4 21. Be2 Rhg8 22. Rg1 Rg6 23. Bf3 Nxf3 24. gxf3 Rxg1 25. Kxg1 f5 26. Kf2 f4 27. d4 e4 28. fxe4 Bxe4 29. Rd2 Kd6 30. Ke2 Kd5 31. b3 Rc3 32. Kf2 b4 33. Ke2 Re3+ 34. Kf2 Rh3 35. Kf1 Rc3 36. Kf2 h5 37. Ke2 Re3+ 38. Kf2 h4 39. Kf1 h3 40. Kf2 Rc3 41. Ke2 a5 42. Kf2 Re3 43. Kf1 a4 44. bxa4 Ra3 45. Ke2 Rxa4 46. Nf3 Bb1 47. Ng5 Rxa2 48. Nxh3 f3+ 49. Ke3 Rxd2 50. Kxd2 Kxd4 51. Nf2 Bh7 52. Nd1 b3 53. Nb2 Be4 54. Nd1 Bd3 0-1

[Event "vl-2324 MVP"]
[Site "MVP"]
[Date "2024.02.25"]
[Round "6.7"]
[White "Ehlers, Michael"]
[Black "Kupfernagel, Michael"]
[Result "1/2-1/2"]
[WhiteElo "1944"]
[BlackElo "2030"]
[PlyCount "38"]
[EventDate "2023.??.??"]
[EventType "team-tourn"]
[EventRounds "9"]
[EventCountry "GER"]
[WhiteTeam "SAV Torgelow"]
[BlackTeam "SF Schwerin II"]
[WhiteTeamCountry "GER"]
[BlackTeamCountry "GER"]

1. Nf3 Nf6 2. g3 g6 3. Bg2 Bg7 4. O-O O-O 5. c4 d6 6. d4 Nc6 7. d5 Na5 8. Qa4 c5 9. Bd2 b6 10. Bxa5 bxa5 11. Nbd2 Bd7 12. Qc2 Rb8 13. Rab1 a4 14. Rfe1 Qc7 15. Ng5 Rb4 16. a3 Rb6 17. Nge4 Nxe4 18. Nxe4 Rfb8 19. Nc3 Rb3 1/2-1/2

[Event "vl-2324 MVP"]
[Site "MVP"]
[Date "2024.03.17"]
[Round "7.1"]
[White "Stutz, Reno"]
[Black "Grossmann, Piet"]
[Result "1/2-1/2"]
[WhiteElo "2039"]
[BlackElo "1886"]
[PlyCount "49"]
[EventDate "2023.??.??"]
[EventType "team-tourn"]
[EventRounds "9"]
[EventCountry "GER"]
[WhiteTeam "GW Wismar"]
[BlackTeam "SAV Torgelow"]
[WhiteTeamCountry "GER"]
[BlackTeamCountry "GER"]

1. d4 Nf6 2. Nf3 d5 3. e3 Bg4 4. h3 Bxf3 5. Qxf3 Nbd7 6. c4 e6 7. Nc3 c6 8. Bd3 Bb4 9. O-O O-O 10. Bd2 Re8 11. a3 Ba5 12. b4 Bc7 13. cxd5 exd5 14. Rfe1 Nf8 15. e4 dxe4 16. Nxe4 Nxe4 17. Rxe4 Rxe4 18. Qxe4 Qd6 19. g3 Bb6 20. Bc3 Rd8 21. Rd1 Qe6 22. Kg2 Qb3 23. Qf3 g6 24. Be2 Qd5 25. Qxd5 1/2-1/2

[Event "vl-2324 MVP"]
[Site "MVP"]
[Date "2024.03.17"]
[Round "7.2"]
[White "Herrmann, Jakob"]
[Black "Kliewe, Hans-Juergen"]
[Result "1/2-1/2"]
[WhiteElo "1984"]
[BlackElo "2126"]
[PlyCount "84"]
[EventDate "2023.??.??"]
[EventType "team-tourn"]
[EventRounds "9"]
[EventCountry "GER"]
[WhiteTeam "SAV Torgelow"]
[BlackTeam "GW Wismar"]
[WhiteTeamCountry "GER"]
[BlackTeamCountry "GER"]

1. Nf3 d5 2. g3 Nf6 3. Bg2 c6 4. O-O Bf5 5. c4 e6 6. Qb3 Qb6 7. d3 Nbd7 8. cxd5 Qxb3 9. axb3 exd5 10. Bd2 Be7 11. b4 O-O 12. Bc3 a6 13. Nbd2 Rfd8 14. Nd4 Bg6 15. N2b3 Ne8 16. f4 h6 17. Rfe1 Nd6 18. e4 dxe4 19. dxe4 Nb5 20. Nxb5 axb5 21. Rxa8 Rxa8 22. Bh3 Nb6 23. f5 Bh7 24. Rd1 f6 25. Nc5 Rb8 26. Bg4 Kf7 27. b3 g6 28. fxg6+ Bxg6 29. Be6+ Kg7 30. e5 f5 31. Kf2 Kf8 32. h4 Bf7 33. Bxf5 Bxc5+ 34. bxc5 Nd5 35. Bd2 Kg7 36. Ra1 Ne7 37. Bc2 Rd8 38. Bc3 Nd5 39. Rd1 Be6 40. Kg1 Rf8 41. Bd2 Ra8 42. Be4 Ra3 1/2-1/2

[Event "vl-2324 MVP"]
[Site "MVP"]
[Date "2024.03.17"]
[Round "7.3"]
[White "Lanz, Joerg"]
[Black "Korbal, Arkadiusz"]
[Result "1/2-1/2"]
[WhiteElo "2055"]
[BlackElo "2073"]
[PlyCount "69"]
[EventDate "2023.??.??"]
[EventType "team-tourn"]
[EventRounds "9"]
[EventCountry "GER"]
[WhiteTeam "GW Wismar"]
[BlackTeam "SAV Torgelow"]
[WhiteTeamCountry "GER"]
[BlackTeamCountry "GER"]

1. Nf3 c5 2. g3 Nc6 3. Bg2 g6 4. O-O Bg7 5. d3 e5 6. e4 Nge7 7. Nc3 O-O 8. Nd5 Nxd5 9. exd5 Ne7 10. c4 d6 11. h3 Rb8 12. a4 h6 13. Rb1 a5 14. Ne1 f5 15. f4 exf4 16. gxf4 Kh7 17. Nf3 Ng8 18. Bd2 Bd7 19. b3 b6 20. Qe1 Qf6 21. Qh4 Qxh4 22. Nxh4 Bd4+ 23. Kh2 Rbe8 24. Bf3 Be3 25. Bxe3 Rxe3 26. Rbd1 g5 27. Ng2 Re7 28. Rde1 Kg7 29. Kg3 Kf6 30. Rxe7 Nxe7 31. Re1 Rg8 32. Bh5 gxf4+ 33. Kf2 f3 34. Nf4 Rg7 35. Kxf3 1/2-1/2

[Event "vl-2324 MVP"]
[Site "MVP"]
[Date "2024.03.17"]
[Round "7.4"]
[White "Schmekel, Florian"]
[Black "Littke, Helmut"]
[Result "1/2-1/2"]
[WhiteElo "2103"]
[BlackElo "2054"]
[PlyCount "28"]
[EventDate "2023.??.??"]
[EventType "team-tourn"]
[EventRounds "9"]
[EventCountry "GER"]
[WhiteTeam "SAV Torgelow"]
[BlackTeam "GW Wismar"]
[WhiteTeamCountry "GER"]
[BlackTeamCountry "GER"]

1. d4 Nf6 2. c4 e6 3. Nf3 d5 4. Nc3 c6 5. Bg5 Nbd7 6. cxd5 exd5 7. e3 Be7 8. Bd3 Ne4 9. Bxe4 Bxg5 10. Nxg5 Qxg5 11. Bf3 O-O 12. O-O Nf6 13. Ne2 Bg4 14. Bxg4 Qxg4 1/2-1/2

[Event "vl-2324 MVP"]
[Site "MVP"]
[Date "2024.03.17"]
[Round "7.5"]
[White "Junggebauer, Thomas"]
[Black "Zentgraf, Robert"]
[Result "1/2-1/2"]
[WhiteElo "1971"]
[BlackElo "2170"]
[PlyCount "43"]
[EventDate "2023.??.??"]
[EventType "team-tourn"]
[EventRounds "9"]
[EventCountry "GER"]
[WhiteTeam "GW Wismar"]
[BlackTeam "SAV Torgelow"]
[WhiteTeamCountry "GER"]
[BlackTeamCountry "GER"]

1. e4 c5 2. Nf3 g6 3. d4 cxd4 4. Nxd4 Bg7 5. Nc3 Nc6 6. Be3 Nf6 7. Be2 O-O 8. Qd2 d5 9. exd5 Nxd5 10. Nxd5 Nxd4 11. c4 Nxe2 12. Qxe2 e6 13. Nc3 Bd7 14. Rd1 Qe7 15. O-O Bc6 16. Bd4 Qg5 17. Ne4 Qf4 18. f3 Rfd8 19. Qf2 Bxe4 20. Be3 Qf6 21. fxe4 Qxf2+ 22. Kxf2 1/2-1/2

[Event "vl-2324 MVP"]
[Site "MVP"]
[Date "2024.03.17"]
[Round "7.6"]
[White "Bauer, Norbert"]
[Black "Podolskiy, Alexander"]
[Result "1/2-1/2"]
[WhiteElo "2066"]
[BlackElo "1970"]
[PlyCount "79"]
[EventDate "2023.??.??"]
[EventType "team-tourn"]
[EventRounds "9"]
[EventCountry "GER"]
[WhiteTeam "SAV Torgelow"]
[BlackTeam "GW Wismar"]
[WhiteTeamCountry "GER"]
[BlackTeamCountry "GER"]

1. d4 d5 2. c4 e6 3. Nc3 Nf6 4. cxd5 exd5 5. Bg5 Be7 6. e3 O-O 7. Bd3 c6 8. Qc2 h6 9. Bh4 Be6 10. Nge2 Nbd7 11. O-O Rc8 12. f3 c5 13. Nf4 a6 14. Bf2 b5 15. dxc5 Nxc5 16. Qd2 Nxd3 17. Qxd3 Bd6 18. Bg3 Bc5 19. Nce2 Qb6 20. Bf2 Rfd8 21. Nd4 Bxd4 22. exd4 Rc6 23. Bh4 g5 24. Nxe6 Rxe6 25. Bf2 Rde8 26. Rfe1 Rxe1+ 27. Rxe1 Rxe1+ 28. Bxe1 Qe6 29. Bd2 Nh5 30. g3 Ng7 31. g4 f5 32. h3 Kf7 33. Kf2 Kf6 34. Qa3 fxg4 35. hxg4 Ne8 36. Qf8+ Kg6 37. Bb4 Qf7 38. Qc5 Qe6 39. b3 Nf6 40. Qc2+ 1/2-1/2

[Event "vl-2324 MVP"]
[Site "MVP"]
[Date "2024.03.17"]
[Round "7.7"]
[White "Schulz, Bernd"]
[Black "Ehlers, Michael"]
[Result "0-1"]
[WhiteElo "1894"]
[BlackElo "1942"]
[PlyCount "94"]
[EventDate "2023.??.??"]
[EventType "team-tourn"]
[EventRounds "9"]
[EventCountry "GER"]
[WhiteTeam "GW Wismar"]
[BlackTeam "SAV Torgelow"]
[WhiteTeamCountry "GER"]
[BlackTeamCountry "GER"]

1. e4 c5 2. Nf3 Nc6 3. d4 cxd4 4. Nxd4 Nf6 5. Nc3 e5 6. Nb3 Bb4 7. Bg5 O-O 8. Qd3 h6 9. Bd2 a5 10. a3 Be7 11. Nd5 a4 12. Nxe7+ Nxe7 13. Nc1 d5 14. exd5 Bf5 15. Qb5 Bxc2 16. Bd3 Bxd3 17. Qxd3 Qxd5 18. Qxd5 Nexd5 19. O-O Ne4 20. Bb4 Nxb4 21. axb4 Rfd8 22. Re1 Nd2 23. f3 f6 24. Kf2 b5 25. Ke2 Rac8 26. Nd3 Nb3 27. Rad1 Rc2+ 28. Kf1 Nd2+ 29. Ke2 Nc4+ 30. Kf1 Rd4 31. Re2 Nxb2 32. Nxb2 Rxb2 33. Rxb2 Rxd1+ 34. Ke2 Rd4 35. Ke3 Kf7 36. g3 g5 37. h3 f5 38. g4 f4+ 39. Ke2 Ke6 40. Rc2 Rxb4 41. Rc6+ Kd5 42. Rxh6 Rb2+ 43. Kd3 Rb3+ 44. Ke2 a3 45. h4 Rb2+ 46. Kd3 gxh4 47. g5 Rg2 0-1